Issy-les-Moulineaux - Statistiques

Statistiques générales
  • Ce quiz a été pris 52 fois
  • Le résultat moyen est 5 sur 15
Statistiques - réponses
Hint Réponse % Correct
Département dans lequel la ville est situé (numéro) 92
100%
Maire de 2020 à 2026 André Santini
74%
Lycée public ayant enregistré 94.8% de réussite au bac en 2024 Eugène Ionesco
60%
Musée unique en son genre implanté à Issy Musée de la carte à jouer
60%
Événement ayant eu lieu le samedi 16 novembre 2024 dans une pizzeria Prise d’otage
50%
Parc qui abrite des arbres remarquables, un jardin japonais et de nombreux espaces verts Parc de l’Île Saint-Germain
36%
Premier ministre français né à Clamart, limitrophe de Issy Gabriel Attal
33%
Quartier d’affaires partagés avec le 15ème arrondissement de Paris Val de Seine
31%
Année pendant laquelle la ville a été inondée en majeure partie 1910
24%
Rappeur originaire de Issy ayant formé le duo « Lunatic » avec Booba de 1994 à 2003 Ali
24%
Projet qui prévoit de relier Issy au reste de la banlieue parisienne Grand Paris Express
17%
Célèbre restaurant libanais Chez Bedros
14%
Célèbre peintre y ayant résidé de 1909 à 1917 Henri Matisse
12%
Arrondissement du département Boulogne-Billancourt
7%
Nom de la commune de 1789 jusqu’à 1893 L’Union
2%
Aucun quiz correspondant
Distribution des résultats
% des personnes avec chaque résultat
Percentile par nombre de réponses
Votre historique - résultats
Vous n’avez pas pris ce quiz